000 02386cam a2200397 a 4500
001 99062
005 20230410101746.0
008 110330s2010 mx ab b 001 0 spa d
010 _a 2011382872
035 _a(OCoLC)ocn709718528
040 _aCUS
_cCUS
_dDLC
020 _a9786074621792
020 _a6074621799
035 _a(OCoLC)709718528
042 _alccopycat
043 _an-mx---
050 1 4 _a112 F 1226
_bN964 2010
082 0 0 _a972
245 0 0 _aNueva historia general de México /
_cErik Velásquez García ... [et al.]
250 _a1. ed.
260 _aMéxico, D.F. :
_bEl Colegio de México,
_c2010.
300 _a818 p. :
_bill., maps ;
_c24 cm.
504 _aIncluye bibliografías e índice.
505 0 _aLos habitantes más antiguos del actual territorio mexicano / Erick Velásquez García -- El clásico en el México antiguo / Enrique Nalda -- El posclásico en Mesoamérica / Pablo Escalante Gonzalbo -- Los años de la conquista / Bernardo García Martínez -- Los años de la expansión / Bernardo García Martínez -- Nueva España : los años de la autonomía / Bernd Hausberger y Oscar Mazín -- Reino o colonia? Nueva España, 1750-1804 / Dorothy Tanck de Estrada y Carlos Marichal -- La disolución de la monarquía hispánica y el proceso de independencia / Alfredo Avila y Luis Jáuregui -- El nuevo orden, 1821-1848 / José Antonio Serrano Ortega y Josefina Zoraida Vázquez -- Del desastre a la reconstrucción republicana, 1848-1876 / Andrés Lira y Anne Staples -- El Porfiriato / Sandra Kuntz Ficker y Elisa Speckman Guerra -- La Revolución mexicana / Javier Garcíadiego y Sandra Kuntz Ficker -- La construcción del nuevo Estado, 1920-1945 / Luis Aboites y Engracia Loyo -- Modernización autoritaria a la sombra de la superpotencia, 1944-1968 / Soledad Loaeza -- El fracaso del éxito, 1970-1985 / Ariel Rodríguez Kuri y Renato González Mello -- Del autoritarismo agotado a la democracia frágil, 1985-2010 / Graciela Máquez y Lorenzo Meyer.
651 0 _aMexico
_xHistory.
650 4 _aDemocracia
_xHistoria
_zMéxico.
651 4 _aMéxico
_xHistoria.
651 4 _aMéxico
_xPoblación
_xHistoria.
651 4 _aMéxico
_xPolítica y gobierno
_xHistoria.
650 4 _a20150300.
700 1 _aVelásquez García, Erik.
936 _aPR 706853653
942 _2lcc
_cbk
946 _aMAT
994 _aC0
_bDRFGD
999 _c13486
_d13486